European Countries with an 'M' Quiz Stats

 Plays Quiz Updated Jun 7, 2017

Challenge
Share
Tweet
Score 0/12 Timer 02:00
32 Plays Today
% Correct
Germany
86.3%
Macedonia
83.7%
Belgium
81.4%
Montenegro
78.3%
Moldova
77.4%
Romania
76.9%
United Kingdom
76.1%
Denmark
73.2%
Malta
70.2%
Luxembourg
67.4%
San Marino
65.5%
Monaco
62.5%

You're not logged in!

Compare scores with friends on all Sporcle quizzes.
Join for Free
OR
Log In

You Might Also Like...

Show Comments

Extras

Top Quizzes Today


Score Distribution

Your Account Isn't Verified!

In order to create a playlist on Sporcle, you need to verify the email address you used during registration. Go to your Sporcle Settings to finish the process.

Report this User

Report this user for behavior that violates our Community Guidelines.

Details: